| 000 | 00832nam a2200277Ia 4500 | ||
|---|---|---|---|
| 003 | OSt | ||
| 005 | 20220925204459.0 | ||
| 006 | a|||||r|||| 00| 0 | ||
| 007 | ta | ||
| 008 | 220923b |||||||| |||| 00| 0 eng d | ||
| 020 | _ceuro 795 | ||
| 037 |
_b17255, 20/10/1987, Heritage _cGeneral Book |
||
| 040 |
_aRTL _cRTL _beng |
||
| 041 |
_2eng _aeng |
||
| 082 | _aY:(G:55), L9 | ||
| 100 |
_aLenihan John _9268649 |
||
| 245 | 0 | _aBiological environment IX | |
| 260 |
_aGlasgow _bBlackie _c1979 |
||
| 300 |
_axii,164p _ccm. |
||
| 490 | _aEnvironment and man 9 | ||
| 500 | _aBibiliography chapterwise | ||
| 650 |
_aSociomery _9230825 |
||
| 700 |
_a Fletcher Willean W _9268650 |
||
| 942 |
_hY:(G:55), L9 _cGB _2CC |
||
| 999 |
_c549539 _d549539 |
||